[Event "Candidates sf Kasparov-Kortschnoj+4-1=6"]
[Site "London"]
[Date "1983.12.04"]
[Round "6"]
[White "Kortschnoj, Viktor Lvovich"]
[Black "Kasparov, Garry"]
[Result "0-1"]
[WhiteElo "2600"]
[BlackElo "2690"]
[Annotator "ChessBase/Kasparov"]
[PlyCount "156"]
[EventDate "1983.11.21"]
[EventType "match"]
[EventRounds "12"]
[EventCountry "ENG"]
[SourceTitle "Kasparov"]
[Source "ChessBase"]
[SourceDate "1999.07.01"]
[SourceVersion "1"]
[SourceVersionDate "2005.01.01"]
[SourceQuality "1"]

1. d4 d5 2. c4 e6 3. Nf3 c5 4. cxd5 exd5 5. g3 Nc6 6. Bg2 Nf6 7. O-O Be7 8. Be3 $5 c4 9. Ne5 O-O 10. b3 cxb3 11. Qxb3 Qb6 $5 (11... Na5 12. Qa4 a6 13. Bd2 $1 Nc4 $1 14. Nxc4 b5 15. Qa5 bxc4 16. Qxd8 Rxd8 17. Ba5 $1 Rd7 18. Nc3 Bb7 19. Rab1 {= ?}) ({RR} 11... Na5 12. Qd3 Be6 13. Nc3 a6 14. h4 Nc4 15. Bg5 Ne8 16. Nxc4 dxc4 17. Qd2 Nd6 18. Bf4 b5 19. Bxa8 Qxa8 20. d5 Bd7 21. Rab1 Re8 22. f3 a5 23. Bxd6 Bxd6 24. Ne4 Rxe4 25. fxe4 b4 26. Qd4 {Tiviakov,S (2575)-Lputian,S (2610) Rostov on Don 1993 1-0 (35)}) ({RR} 11... Na5 12. Qd3 Be6 13. Nd2 Nd7 14. f4 f6 15. Nxd7 Qxd7 16. f5 Bf7 17. g4 Rfe8 18. Bf2 Rac8 19. h4 Bb4 20. Rac1 Rxc1 21. Rxc1 Rc8 22. Rxc8+ Qxc8 23. Nb3 Nc4 24. g5 Nd6 25. g6 hxg6 26. fxg6 {Nieminen,S (2146)-Asikainen,E (2162) Finland FIN 2025 ½-½ (46)}) 12. Rc1 $1 (12. Qxb6 axb6 13. Rc1 Nb4 14. Nc3 Be6 15. a3 Nc6 16. Nb5 Rfc8 $44) 12... Qxb3 13. axb3 Nb4 $1 14. Na3 $146 (14. Nc3 Rd8 (14... Be6 $2 15. Nb5 a6 16. Nc7 Rac8 17. Nxe6 fxe6 18. Bh3 $16) (14... Bf5 15. g4 $1 Bxg4 16. Nxg4 Nxg4 17. Nxd5 Nxd5 18. Bxd5 Nxe3 19. fxe3 Bg5 20. Kf2 Rfe8 21. Rc3 Re7 22. e4 $16) (14... a6 15. Na4 $1 Bf5 16. Rc7 Bd6 17. Rxb7 Nc2 18. Rc1 Rac8 19. Nb6 Nxe3 20. Nxc8 Bxc8 21. Rb6 $1 Nf5 22. e3 { 23.h3 }) 15. Nb5 (15. Na4 Bf5 $1) 15... a6 16. Rc7 Kf8 $1 17. Bd2 $1 Nc6 $1 18. Nxc6 bxc6 19. Nc3 (19. Rxc6 $2 Bd7) 19... Bd7 20. Bf4 $1 Ne8 21. Rb7 Nd6 22. Rb6 (22. Bxd6 Bxd6 23. Rb6 Ke7 24. Rbxa6 Rxa6 25. Rxa6 Rb8) 22... Nb5 23. Nxb5 axb5 $10) ({RR} 14. Nc3 Rd8 15. Nb5 a6 16. Rc7 Kf8 17. Bd2 Nc6 18. Nxc6 bxc6 19. Rxe7 cxb5 20. Bb4 Kg8 21. Rc7 Be6 22. f3 Rac8 23. Rxc8 Bxc8 24. Kf2 Re8 25. Ke1 h5 26. Kd2 Nh7 27. Rc1 Bf5 28. e4 Be6 {Gofshtein,L (2400)-Egin,V (2290) Kishinev 1987 1-0 (51)}) 14... a6 $1 15. Bd2 Rb8 { 16.... f5} 16. Bxb4 $1 Bxb4 17. Nd3 { 18.c5} Bd6 $6 (17... Bxa3 $10 18. Rxa3 Bf5 19. b4 (19. Nc5 a5 $1 { b6}) 19... Rbc8 20. Rac3 Rxc3 21. Rxc3 Rc8 $1 (21... Bxd3 $6 22. exd3 Rb8 23. Rc7 $14) 22. Rxc8+ (22. Nc5 b6 23. Na4 Rxc3 24. Nxc3 Be6 25. Na4 Nd7) 22... Bxc8 23. Nf4 Be6 $10) 18. Nc2 Bg4 $6 (18... Be6 {} 19. Ne3 Rfc8 20. b4 $1) 19. Kf1 Bf5 $6 {Kasparovs Remisangebot wurde abgelehnt.} (19... Rfc8 {} 20. Ne3 Be6) 20. Nc5 $36 Rfc8 (20... Bxc5 21. dxc5 Bxc2 22. Rxc2 $18) 21. Ne3 Be6 22. b4 Kf8 23. Rc2 Ke7 (23... b6 $2 24. Nxe6+ fxe6 25. Rxc8+ Rxc8 26. Bh3 $1 Kf7 27. Rxa6) 24. Ke1 h5 { h5-h4; g4} (24... b6 25. Nxa6 Rxc2 26. Nxc2 Ra8 27. b5 Bd7 28. Rb1) 25. Rb2 Rc7 $1 26. Nd3 $1 { 27.b5 +- } Ra8 $1 27. b5 $6 (27. Rba2 Rd8 $1 28. Ra5 $6 (28. b5 $145 axb5 29. Ra5 $14) 28... Rc3 $1 29. Nxd5+ $2 Bxd5 30. Bxd5 Rxd3 $19) 27... a5 $145 $1 {[%mdl 32] Compare: the same strategical idea was used in Kan-Makogonov/Sverdlovsk/1943.} 28. b6 Rc6 29. Rb5 (29. Ra4 $5 Ra6 30. Rb5 Raxb6 31. Raxa5 Ne4 $1 $10) 29... a4 30. Nxd5+ $6 (30. Nb4 Bxb4+ 31. Rxb4 a3 32. Rb3 a2 33. Rb2 Kd6 34. Rbxa2 Rxa2 35. Rxa2 Rxb6 $10) (30. Nc5 Bxc5 31. dxc5 Nd7 32. Nxd5+ Bxd5 33. Bxd5 Rxc5 34. Bxb7 Rxb5 35. Bxa8 Nxb6 $10) 30... Nxd5 31. Bxd5 Bxd5 32. Rxd5 Rxb6 33. Rxh5 Rb3 $1 $17 {× h5} 34. Kd2 b5 35. h4 (35. e4 $2 Rc8 36. e5 Bb4+ 37. Nxb4 Rxb4 38. Kd3 Rcc4 $19) 35... Rc8 36. g4 $2 $138 (36. Rg5 $1 g6 37. h5 $132) 36... a3 (36... Rc4) 37. f4 Rcc3 $6 (37... Rc4 {} 38. Rd5 $2 (38. Ke3 Rc2 39. Rh8 b4 40. Ra8 Rbc3 $19) (38. Rh8 b4 $1 $19) 38... Ke6 39. e4 Rcc3 40. Nc5+ Bxc5 41. Rxc5 Rh3 $1 $40 {-+}) 38. Rd5 Ke6 39. Rh5 b4 $2 (39... Rxd3+ $1 40. exd3 Bxf4+ 41. Ke2 Rb2+ 42. Kf3 Bd6 43. Rh8 (43. Ke4 a2 $1) 43... Kd5 44. Ke3 Rg2 $1 $19) 40. Ra5 Rxd3+ (40... Rb2+ 41. Nxb2 axb2 42. Rb1 Bxf4+ 43. e3 Bxe3+ 44. Ke2 Bc1 (44... Bxd4 45. Rxb2 Re3+ 46. Kd2 Rg3 47. Rb1 Bc3+ 48. Kc2 Rxg4 49. h5) 45. Rb5 b3 46. h5 $10) 41. exd3 $10 {} Bxf4+ 42. Ke2 Rc3 (42... Rb2+ { c3}) (42... Bc7 $2 43. Ra6+ Kd5 44. Rc1 $1 $40) 43. g5 $6 (43. Kf3 Bc1 (43... Rc1 44. R1xa3 $1) (43... Bd6 44. Ke4 b3 45. R5xa3 b2 $2 46. d5+ $1) 44. Ke4 Kd6 45. Ra6+ Kd7 (45... Kc7 46. d5 Kb7 47. d6 $1) 46. d5 b3 47. Ra7+ Kd6 (47... Kc8 48. R7xa3) 48. Ra6+ $10) 43... Bc1 44. h5 b3 45. R5xa3 Bxa3 46. Rxa3 b2 47. Ra6+ Kf5 48. Rb6 (48. Ra5+ Kf4 $1 49. Rb5 Rc2+) 48... Rc2+ 49. Ke3 Kxg5 50. d5 (50. Rb5+ f5 51. d5 Kxh5 52. d6 Rc5 53. Rxb2 Rd5 54. Rb6 g5 55. d4 Kg4 56. Rc6 $10 (56. Kd3 $2 Kf3) 56... Kg3 57. Rc5 $1) 50... Kxh5 51. Kd4 (51. d6 $2 Rc6 $1) 51... g5 52. Rb8 $1 g4 53. d6 Rc6 $5 (53... Rc8 54. Rxb2 (54. Rxc8 $2 b1=Q 55. d7 Qb6+ 56. Kc3 Qa5+ 57. Kc4 Qa4+ $19) 54... g3 55. Ke3 $1 Kg4 56. Rb4+ Kh3 57. Rb5 Kh2 (57... Rd8 58. Kf3) 58. Rh5+ $10) 54. Ke5 (54. Kd5 Rc8 55. Rxc8 $3 (55. Rxb2 $2 g3 56. d7 (56. Ke4 Kg4) 56... Rd8 57. Kd6 f5 58. Ke7 Rxd7+ 59. Kxd7 f4 $19) 55... b1=Q 56. d7 Qb5+ $1 (56... Qxd3+ 57. Kc6 Qc4+ 58. Kd6 $10) 57. Kd6 Qb6+ 58. Ke7 Qe6+ 59. Kd8 g3 (59... Qe5 60. d4 $1 Qxd4 61. Ke7) 60. Kc7 Qe7 (60... g2 $2 61. Rh8+ { 62.d8}) (60... Qe5+ 61. Kc6 g2 62. d8=Q Qe6+ (62... g1=Q $4 63. Qh8+) 63. Kb7 g1=Q 64. Qh8+ Qh6 65. Qe5+ Qgg5 66. Qe2+ $1 (66. Qh2+ $2 Kg6 67. Rg8+ (67. Rc6+ f6 $19) 67... Kh7 $19) 66... Kh4 (66... Qg4 67. Rc5+) 67. Qh2+ Kg4 68. Qg2+ (68. Rc4+ Kf3) 68... Kh5 69. Qe2+ $10) 61. Re8 Qc5+ 62. Kb7 Qd5+ 63. Kc7 f5 64. d8=Q Qxd8+ 65. Kxd8 f4 66. Rg8 $1 (66. Rf8 $2 g2) 66... Kh4 67. Rf8 $1 Kg4 68. d4 f3 69. d5 f2 70. d6 $10) 54... Rc5+ 55. Kf6 $6 (55. Kd4 Rc8 $10) 55... g3 56. Rxb2 Rd5 57. Kxf7 Rxd6 58. Rd2 Kg4 59. d4 (59. Ke7 $2 Rd4 60. Ke6 Kf4) 59... Kf5 $1 (59... Kf4 60. Ke7 Rg6 61. Rg2 $1 Ke4 62. Kf7 Rg4 63. Kf6 $10) 60. Ke7 Rd5 61. Rd3 $1 (61. Rg2 $2 Kf4 62. Rd2 Ke4 63. Rg2 Kf3 64. Rd2 g2 $19) 61... Kf4 62. Ke6 Rg5 63. d5 $2 (63. Rd1 Ke4 $5 (63... Rg6+ 64. Kf7 Rd6 65. Ke7 $10) (63... g2 64. Rg1 Ke4 65. d5 Rg6+ 66. Kf7 $10) 64. d5 Rg6+ (64... Re5+ 65. Kd6 g2 66. Re1+ Kd4 67. Rd1+) 65. Ke7 $1 (65. Kf7 $2 Rd6 66. Rg1 Kf3 67. Rd1 g2 68. Ke7 Rxd5) 65... Ke5 66. d6 Rg7+ 67. Kf8 Rd7 68. Rd3 $1 Kf4 69. Rd4+ $10 Ke3 (69... Kf3 70. Rd3+ Kg4 71. Ke8 g2 72. Rd1) 70. Rg4 Kf3 71. Rg6 g2 72. Rf6+ Ke2 73. Rg6) 63... Rg6+ $1 (63... g2 64. Rd4+ $1 Ke3 65. Rd1 $10) 64. Ke7 g2 65. Rd1 Ke5 $1 $19 66. d6 Re6+ 67. Kd7 Rxd6+ 68. Rxd6 g1=Q 69. Re6+ Kf5 70. Rd6 Qa7+ 71. Kd8 Ke5 72. Rg6 Qa5+ 73. Kd7 Qa4+ 74. Ke7 Qh4+ 75. Kf8 Qd8+ 76. Kf7 Kf5 77. Rh6 Qd7+ 78. Kf8 Kg5 0-1

[Event "Leonid Stein Memorial"]
[Site "Lvov"]
[Date "2000.05.21"]
[Round "9"]
[White "Beliavsky, Alexander G"]
[Black "Krasenkow, Michal"]
[Result "1/2-1/2"]
[WhiteElo "2640"]
[BlackElo "2661"]
[Annotator "Tsesarsky,Ilya"]
[PlyCount "118"]
[EventDate "2000.05.12"]
[EventType "tourn"]
[EventRounds "10"]
[EventCountry "UKR"]
[EventCategory "17"]
[SourceTitle "CBM 077"]
[Source "ChessBase"]
[SourceDate "2000.07.27"]
[SourceVersion "1"]
[SourceVersionDate "2000.07.27"]
[SourceQuality "1"]

1. c4 {Tsesarsky,Ilya} e6 2. d4 d5 3. Nf3 c6 4. Bg5 {This move became more popular at last time due to gm A.Beliavsky's efforts. Bishop is developing with tempo, and it's change is good for White} Be7 ({Another purpose of 4.g5 is to provocate} 4... f6 5. Bd2 $1 $14 {[%csl Yf6][%cal Gg8f6]}) ({After} 4... Nf6 {It is good version for White of Queen gambit} 5. e3 $14) 5. Bxe7 Qxe7 6. Nbd2 {[%cal Gd2c4]} (6. e3 Nf6 (6... f5 7. Nc3 (7. cxd5 exd5 8. Ne5 Nf6 9. Bd3 Nbd7 10. f4 O-O 11. O-O $14 {Foguelman,Alberto-Bruno,H/Chacabuco (7) ;MCD 1965/1-0 (51)}) 7... Nf6 8. Bd3 O-O 9. Qc2 Bd7 (9... Ne4 10. g4 $1 g6 11. gxf5 gxf5 12. Rg1+ Kh8 13. O-O-O $16 {1-0 Khenkin,Igor-De Vita,Gianni/Porto San Giorgio op (1) ;EXT 2000 1997 (24)}) 10. h3 Na6 11. a3 Nc7 12. g4 Ne4 13. Ne5 $14 {1-0 Khenkin,Igor-Storm,Roland/Biel op (8) ;TD 1994 (35)}) 7. Nc3 O-O (7... Nbd7 8. cxd5 exd5 9. Bd3 O-O 10. Qc2 Re8 11. O-O Nf8 12. Rab1 Bg4 13. Ne5 Bh5 14. b4 $14 {Khenkin,Igor-Relange,Eloi/Cannes op (5) ;EXT 97 1994/1-0 (42) -Carlsbad variation}) 8. Qc2 (8. Qb3 $5 Nbd7 9. cxd5 exd5 (9... Nxd5 10. Bd3 $14) 10. Bd3 Re8 11. O-O Ne4 12. Qc2 Nf8 13. Rab1 $14 {[%cal Gb2b4]}) (8. Bd3 $6 $11 {Allows to Black to take on c4 with tempi.} dxc4 $1 9. Bxc4 c5 10. O-O Rd8 11. Qe2 cxd4 12. exd4 (12. Nxd4 e5 13. Nb3 Nc6 $11) 12... Nc6 $11 {0-1 Mikhalevski,Victor-Koutsin,Sergey/Platonov mem (5) ;CBM 51 1995 (37)}) 8... Nbd7 $5 (8... c5 $6 9. cxd5 exd5 10. Be2 c4 11. b3 Qb4 12. bxc4 dxc4 13. Rb1 Qa5 14. O-O $16 {1-0 Schroer,Jonathan-Frederick,Robert/Nassau Int Syosset (2) ;EXT 2000 1984 (32)}) 9. Rd1 $5 {[%cal Gd5c4,Gf1d3] Continue of fighting for tempo} (9. cxd5 cxd5 $14 {[%csl Rc8]} (9... Nxd5 10. Bd3 N7f6 11. a3 $14)) 9... dxc4 10. Bxc4 e5 11. O-O exd4 12. Rxd4 Nb6 13. Bd3 $14) (6. Qc2 $6 dxc4 (6... Nd7 7. Nbd2 Ngf6 8. cxd5 exd5 9. e3 $14) 7. Qxc4 Nf6 8. g3 O-O 9. Bg2 Nbd7 10. Nc3 e5 $11 {1-0 Gofshtein,Leonid D-Prakken,H/Bourbon Lancy op (1) ;CBM 62 ext 1997 (40)}) 6... Nf6 (6... f5 $6 7. e3 Nd7 8. Bd3 Nh6 9. O-O O-O 10. Qc2 $14 {1-0 Capablanca,J-Treybal,K/Carlsbad 1929/[ 5] (58)}) 7. g3 $5 $146 {Interesting novelty.Beliavsky transforms the game to Catalon opening!} ({Also not bad (and according to my opinion, better) is} 7. e3 $14 O-O (7... Nbd7 8. cxd5 exd5 9. Qc2 O-O 10. Be2 c5 11. dxc5 $14) 8. Bd3 (8. Rc1 Nbd7 (8... b6 9. Bd3 Bb7 10. cxd5 exd5 11. Ne5 c5 12. O-O Nbd7 13. Nxd7 Nxd7 14. dxc5 Nxc5 15. Nf3 $14 {½-½ Dydyshko,Viacheslav-Matlak,Marek/Frydek-Mistek op ;EXT 99 1995 (22)}) 9. cxd5 exd5 10. Bd3 Ne4 11. O-O f5 12. Qe2 Rf6 $132 {0-1 Danielsen,H-Kharlov,A/Norresundby ,EXT 1993/[ 5] (40)}) 8... Nbd7 9. cxd5 $1 (9. Qc2 Re8 (9... h6 10. O-O e5 11. e4 dxc4 12. Bxc4 exd4 13. Nxd4 Ne5 $11 {½-½ Boehle,L-Meller,B/NRW 1989/[ 5] (74)}) 10. O-O e5 $11) 9... exd5 (9... cxd5 10. O-O $14 {[%csl Rc8]}) 10. O-O Ne4 11. Qc2 Re8 (11... f5 12. Rab1 $14 {[%cal Gb2b4]} (12. a3 $14)) 12. Rab1 $14 {[%cal Gb2b4]} (12. Rfe1 Ndf6 $132 {0-1 Lutz,C-Piket,J/Dortmund 1994/Inf 61/ (61)}) (12. Rfc1 $14)) ({RR} 7. e3 O-O 8. Qc2 b6 9. Bd3 Bb7 10. O-O dxc4 11. Qxc4 Ba6 12. Qc2 Bxd3 13. Qxd3 Nbd7 14. Rac1 c5 15. Qa6 cxd4 16. exd4 Nd5 17. a3 Nb8 18. Qc4 Nd7 19. Rc2 h6 20. Rfc1 a6 21. g3 b5) 7... O-O 8. Bg2 Nbd7 ({RR} 8... b6 9. O-O Bb7 10. Ne5 Nbd7 11. Nxd7 Nxd7 12. Rc1 Rfd8 13. Qb3 Rab8 14. Rfd1 Nf6 15. Qa4 Ba8 16. b3 a5 17. c5 Nd7 18. cxb6 Qb4 19. Qxb4 axb4 20. e3 Rxb6 21. Nf3 Bb7 22. Rc2 Ra8 23. Bf1 {Radjabov,T (2741)-Rapport,R (2692) Palma de Mallorca 2017 ½-½ (36)}) ({RR} 8... b6 9. O-O Bb7 10. Re1 Nbd7 11. e4 Nxe4 12. Nxe4 dxe4 13. Rxe4 c5 14. d5 Qd6 15. Nh4 Nf6 16. Re1 exd5 17. Nf5 Qd7 18. Bh3 Qd8 19. Qc1 g6 20. Ne7+ Kg7 21. Bg2 Re8 22. Nxd5 Rxe1+ {½-½ (22) Beliavsky,A (2640)-Lastin,A (2510) Herceg Novi 2000}) 9. O-O ({Here} 9. cxd5 {Is not recommended because after} exd5 $11 {[%csl Gd5][%cal Gg2d5] This pawn structure with White  on g2 is good for Black.}) 9... e5 {Now d2 placed worse than on c3, d5 square is not attacked!} ({RR} 9... a5 10. Qc2 a4 11. e4 dxe4 12. Nxe4 Nxe4 13. Qxe4 Qb4 14. Qc2 h6 15. a3 Qa5 16. Rfe1 Rb8 17. Rad1 Rd8 18. Re3 b6 19. Nd2 Bb7 20. Ne4 c5 21. d5 exd5 22. cxd5 Nf8 23. Nc3 b5 24. Qf5 {Ruck,R (2507)-Nigmatov,O (2459) Tashkent UZB 2026 ½-½ (73)}) 10. cxd5 $146 (10. dxe5 Nxe5 11. cxd5 ({RR} 11. cxd5 Nxd5) 11... Nxd5 $11) ({RR} 10. dxe5 Nxe5 11. cxd5 Nxf3+ 12. Bxf3 Nxd5 13. Qc2 Bh3 14. Rfd1 Rad8 15. a3 Nf6 16. b4 Bg4 17. Qc4 Bxf3 18. Nxf3 Qe4 19. Qxe4 Nxe4 20. Kf1 Nc3 21. Rdc1 Ne4 22. Rd1 Nc3 23. Rdc1 Ne4 24. Rd1 {½-½ (24) Wagh,S (2319)-Ret,A (2131) Teplice CZE 2025}) ({RR} 10. dxe5 Nxe5 11. Nxe5 Qxe5 12. cxd5 cxd5 13. Rb1 Re8 14. e3 Bf5 15. Nf3 Qe4 16. Rc1 Bg4 17. h3 Bxf3 18. Bxf3 Qb4 19. Rc2 Rad8 20. Qd2 Qa4 21. b3 Qd7 22. Bg2 b6 23. Rfc1 Ne4 24. Qd4 Qf5 {Wang,Y (2598)-Liang,C (2514) China 2006 EXT 2017 [Tsesarsky,Ilya] 1-0 (42)}) 10... e4 $1 (10... Nxd5 11. e4 N5f6 12. Qc2 exd4 13. Nxd4 Nb6 14. Rae1 Rd8 15. N2b3 Bd7 (15... c5 16. Nf5 Bxf5 17. exf5 $16 {[%csl Rb7,Rc5,Re7]}) (15... Bg4 16. h3 $14) 16. f4 $14) 11. d6 $1 (11. Nh4 cxd5 12. Nf5 Qe6 13. Ne3 b6 (13... Nb6 14. Nb3 $14 (14. Rc1 Bd7 15. Nb3 Ba4 16. Nc5 Bxd1 17. Nxe6 fxe6 (17... Bxe2 18. Nxf8 Bxf1 19. Nxh7 Nxh7 20. Kxf1 Ng5 $11 {[%csl Rd4][%cal Gg5e6]}) 18. Rfxd1 Rac8 $11)) 14. Qa4 Nb8 $1 (14... Bb7 15. Rac1 $14 {[%cal Ga4a7]}) 15. Rac1 (15. f3 $6 exf3 16. Rxf3 Nc6 $15) 15... Bd7 $11) 11... Qxd6 12. Nc4 Qe7 13. Nfd2 $6 $11 ({Seems better} 13. Nfe5 $5 Nb6 $5 (13... Nxe5 14. dxe5 Ng4 15. Qd4 (15. Qd6 Re8 $1 16. Rfd1 Be6 17. Na5 Bd5 $15) 15... f6 16. exf6 Nxf6 17. Nd6 Rd8 18. Rfd1 Bg4 19. Qc4+ Be6 20. Qc5 $14) 14. Qc2 Nxc4 15. Qxc4 (15. Nxc4 Rd8 $11 {like in this game} (15... Bf5 16. Ne3 Be6 17. Bxe4 Qb4 18. Bf5 (18. Rfd1 Nxe4 19. Qxe4 Qxb2 $15) 18... Qxd4 19. Bxe6 fxe6 20. Rad1 $14 {[%csl Re6]})) 15... Rd8 16. Rfd1 Nd5 17. Qb3 (17. Qc2 e3 18. f4 f6 19. Nc4 Bg4 20. Rac1 Re8 21. a3 Rad8 $132) 17... f6 18. Nc4 $14) 13... Nb6 (13... c5 $6 14. Qc2 $1 (14. e3 b5 15. Na5 Ba6 $132) (14. dxc5 Nxc5 15. b4 Na6 16. a3 Be6 17. Ne3 Rfd8 18. Qc2 Rac8 19. Qb2 $11) 14... cxd4 15. Nxe4 Nxe4 16. Qxe4 Qxe4 17. Bxe4 Nc5 18. Bf3 Be6 19. Rfc1 Rad8 20. Ne5 Rc8 21. b4 Na6 22. a3 $14 (22. Rxc8 Bxc8 23. a3 $14)) 14. Qc2 Nxc4 15. Nxc4 Rd8 16. Rfd1 Be6 (16... Bf5 17. Ne3 Qe6 (17... Bg6 18. Rac1 Nd5 19. Nxd5 Rxd5 20. e3 $14 {[%csl Re4,Rg6]}) 18. Nxf5 (18. b4 Bh3 19. Bh1 Rd7 20. Rd2 Rad8 21. Rad1 Nd5 22. Nxd5 cxd5 23. e3 Qd6 24. Qc5 Rc7 25. Qxd6 Rxd6 $15) 18... Qxf5 19. Rac1 $14) 17. Ne3 Qb4 18. a3 Qb6 19. Nc4 Qb5 (19... Bxc4 20. Qxc4 Qxb2 (20... Rd6 21. b4 Rad8 22. e3 $14) 21. Rab1 Qxa3 22. Rxb7 $14) 20. b3 a5 21. a4 (21. Rac1 h6 $11 (21... a4 22. b4 $132)) 21... Qb4 22. e3 Bd5 23. Rac1 c5 $5 {This move gives to White square d4} (23... b6 $142 24. Rb1 $11 (24. Qc3 b5 $1 25. Nd2 (25. Nb6 Bxb3 $1 $17) 25... bxa4 26. bxa4 Qxa4 $17)) (23... b5 24. Nd2 $11) 24. dxc5 Qxc5 25. Rd4 {[%csl Yd4]} Bc6 26. Rcd1 Rxd4 27. Rxd4 {[%csl Re4]} h6 28. Qd2 {[%cal Gd4d8]} Bd5 $1 29. h3 (29. Bf1 b6 $11) 29... b6 30. Bf1 Rc8 31. Qd1 (31. Be2 $11) 31... Rc7 32. Nd2 {Not necessary move. Black change Queens} (32. Bg2 $11) 32... Qc1 33. Nc4 Qxd1 34. Rxd1 Rc6 35. Rd4 Kf8 36. Nd2 $6 {this move also not necessary} (36. Be2 $11 {[%cal Gg1f1,Gf1e1,Ge1d2]}) 36... Rc1 37. Kg2 Ke7 38. g4 Rc2 39. Bc4 Bc6 $1 {Maybe this move was not properly evaluated by White.} (39... Bxc4 $2 40. Nxc4 $14) 40. Kg3 {Position of White is strong enough to keep draw} g5 41. Bf1 (41. h4 $11) 41... Bd5 (41... h5 42. Bg2 h4+ 43. Kh2 Bd5 44. Kg1 (44. Nxe4 Bxe4 45. Bxe4 Rxf2+ $15) (44. Bxe4 Rxd2 45. Rxd2 Bxe4 $15) 44... Rc1+ (44... Ke6 45. Bxe4 $14) 45. Kh2 Rc2 46. Kg1 $11) 42. Nc4 (42. Bg2 Rc1 43. Bxe4 (43. Nxe4 Rg1 $1 44. Kh2 (44. f3 Nxe4+ 45. fxe4 Bxb3 46. e5 $17) 44... Rxg2+ 45. Kxg2 Bxe4+ 46. f3 (46. Kg3 Bc2 47. b4 Ne4+ 48. Kg2 Nd6 49. f3 Ke6 $15) 46... Bc2 47. b4 axb4 48. Rxb4 Nd5 49. Rd4 Ke6 $15) 43... Nxe4+ 44. Nxe4 Bxb3 45. f4 Ra1 46. Nc3 Rc1 47. Ne4 $11) 42... Bxc4 43. Bxc4 Rb2 44. Rd1 (44. f3 $11) 44... Ne8 45. Bd5 Nf6 46. Bc4 Ne8 47. Bd5 Nd6 {Black decided to play for winning.} (47... Nf6 $11) 48. Rc1 Rd2 49. Ba8 (49. Bc4 Kf6 50. Ba6 Ke5 51. Rc6 f5 52. f4+ exf3 53. Kxf3 Rh2 (53... Ne4 54. gxf5 Rf2+ 55. Kg4 Nf6+ 56. Kg3 Ne4+ $11) 54. Bf1 (54. Kg3 Rb2 $17) 54... Ne4 55. Bg2 h5 $17) 49... Rd3 (49... Kf6 $5 50. Rc6 Ke5 51. Rxb6 f5 52. Ra6 f4+ 53. exf4+ gxf4+ 54. Kh4 Rxf2 55. Rxa5+ Ke6 $44) 50. Rb1 Rc3 (50... Ke6 51. b4 f5 (51... Ke5 52. bxa5 bxa5 53. Rc1 $14) 52. gxf5+ Kxf5 (52... Nxf5+ 53. Kg4 Nd6 54. bxa5 bxa5 $132)) 51. Bd5 Kf6 52. Bc4 $1 {White sacrifice  with idea to recieve drawn rook ending.} (52. h4 Ke5 53. Bc4 {the same idea} Nxc4 54. bxc4 Rxc4 55. Rxb6 gxh4+ 56. Kxh4 Rxa4 57. Rxh6 Ra1 58. Ra6 $11) 52... Nxc4 53. bxc4 Rxc4 54. Rxb6+ Kg7 55. h4 gxh4+ (55... Rxa4 56. Rb5 Kf6 57. Rf5+ Kg6 58. Rc5 $11) 56. Kxh4 Rxa4 57. Rb5 Ra2 58. Kg3 f6 59. Rc5 Ra4 $44 (59... Kf7 60. Rc4 a4 61. Rxe4 $11) 1/2-1/2